LEADER 04013nam 2200505 450 001 9910459876203321 005 20200520144314.0 010 $a1-119-01212-0 035 $a(CKB)3710000000277384 035 $a(EBL)1835559 035 $a(MiAaPQ)EBC1835559 035 $a(Au-PeEL)EBL1835559 035 $a(CaPaEBR)ebr10986622 035 $a(OCoLC)891186058 035 $a(EXLCZ)993710000000277384 100 $a20140918h20152015 uy| 0 101 0 $aeng 135 $aur|n|---||||| 181 $2rdacontent 182 $2rdamedia 183 $2rdacarrier 200 14$aThe end of employer-provided health insurance $ewhy it's good for you, your family, and your company /$fPaul Zane Pilzer and Rick Lindquist 210 1$aHoboken :$cWiley,$d[2015] 210 4$dİ2015 215 $a1 online resource (287 p.) 300 $aDescription based upon print version of record. 311 $a1-119-01211-2 320 $aIncludes bibliographical references and index. 327 $aMachine generated contents note: Preface Executive Summary - Why You Should Read This Book Introduction - The End of Employer-Provided Health Insurance Part I - The Problem and The Solution CHAPTER 1: The Disadvantages of Employer-Provided Health Insurance CHAPTER 2: The Advantages of Individual Health Insurance CHAPTER 3: The Solution - Employer-Funded Individual Health Insurance PART II - How to Make Individual Health Insurance Work For You and Your Family CHAPTER 4: What is Individual Health Insurance? CHAPTER 5: How Much Does Individual Health Insurance Cost? CHAPTER 6: Premium Tax Credits - Are You Eligible for THE SUBSIDY? CHAPTER 7: When Can You Buy Individual Health Insurance? CHAPTER 8: Where Can You Buy Individual Health Insurance? CHAPTER 9: How to Choose Your Coverage - Bronze, Silver, Gold or Platinum CHAPTER 10: Networks - Choosing Your Doctors and Medical Providers CHAPTER 11: How to Select the Right Plan for You and Your Family CHAPTER 12: How to Reduce Your Individual Healthcare Costs PART III - How to Switch to Defined Contribution Healthcare CHAPTER 13: What is Defined Contribution Healthcare? CHAPTER 15: How to Implement to Defined Contribution Solution CHAPTER 16: How to Choose a Defined Contribution Solution Provider CHAPTER 17: How to Communicate Defined Contribution to Employees Appendix A: State-by-State Guide to Individual/Family Health Insurance Costs Appendix B: Is Your Company Required to Offer Employer-Provided Health Insurance? References List. 330 $a"The future of employer-provided health insurance is a #1 concern for business owners, financial executives and insurance professionals. Existing "health insurance" books focus only on public policy or consumers. Using the techniques outlined in this book, employers and their workers learn to save money on health insurance by migrating from group to individual plans at a total cost that is 20-60% lower for the same coverage (That's a savings of $4,000-$12,000 per year for a family of four). We are at the beginning of a huge transformation in the health insurance industry in which 120 million people are expected to move from group to individual insurance by 2025. Similar to the shift from defined benefit pensions to defined contribution 401(k) plans, the end of employer-provided health insurance will create opportunities for new entrants the way 401(k) plans led to the massive growth of Schwab, Fidelity and Vanguard"--$cProvided by publisher. 606 $aHealth insurance$xSelf-insurance$zUnited States 606 $aHealth care reform$zUnited States 608 $aElectronic books. 615 0$aHealth insurance$xSelf-insurance 615 0$aHealth care reform 676 $a368.38/200973 700 $aPilzer$b Paul Zane$0940907 702 $aLindquist$b Richard 801 0$bMiAaPQ 801 1$bMiAaPQ 801 2$bMiAaPQ 906 $aBOOK 912 $a9910459876203321 996 $aThe end of employer-provided health insurance$92121683 997 $aUNINA LEADER 01126nam a2200289 i 4500 001 991001840829707536 005 20020507152521.0 008 000117s1961 it ||| | ita 020 $a8813216556 035 $ab11571718-39ule_inst 035 $aLE02726086$9ExL 040 $aDip.to Studi Giuridici$bita 082 0 $a321.4 084 $aC-XVII/A 100 1 $aOttaviano, Carmelo$0159469 245 10$aDalla democrazia ingenua alla democrazia critica /$ca cura di Carmelo Ottaviano 260 $aPadova :$bCEDAM,$c1961 300 $a174 p. ;$c24 cm. 490 0 $aPubblicazioni dell'Istituto universitario di magistero di Catania Serie filosofica Saggi e monografie 500 $aDi C. Ottaviano ... [et al.], i nomi dei quali figurano in testa al front 650 4$aDemocrazia 907 $a.b11571718$b01-03-17$c02-07-02 912 $a991001840829707536 945 $aLE027 C-XVII/A 2$g1$iLE027I-278$lle027$o-$pE0.00$q-$rl$s- $t0$u0$v0$w0$x0$y.i11776535$z02-07-02 996 $aDalla democrazia ingenua alla democrazia critica$9861850 997 $aUNISALENTO 998 $ale027$b01-01-00$cm$da $e-$fita$git $h0$i1